LEADER 00999nam0-22003611i-450 001 990003747760403321 005 20260409101537.0 035 $aFED01000374776 035 $a(Aleph)000374776FED01 035 $a000374776 100 $a20030910d1986----km-y0itay50------ba 101 0 $aita 102 $aIT 105 $aa---c---001yy 200 1 $aApprendimento e memoria nell'uomo$fCesare Cornoldi 210 $aTorino$cUTET Libreria$d1986 215 $aXII, 464 p.$cill.$d24 cm 225 1 $aPsicologia 610 0 $aApprendimento$aAspetti psicologici 610 0 $aMemoria$aAspetti psicologici 676 $a153.1 676 $a153.12 676 $a153.15 700 1$aCornoldi,$bCesare$f<1947- >$066624 801 0$aIT$bUNINA$gRICA$2UNIMARC 901 $aBK 912 $a990003747760403321 952 $a153.1 COR 1$b977$fBFS 952 $aDE FUSCO 2545$bRDF 2641$fDARST 959 $aDARST 959 $aBFS 996 $aApprendimento e memoria nell'uomo$9508279 997 $aUNINA